000 00505nam a22001577a 4500
003 OSt
005 20120302152031.0
008 091214t xxu||||| |||| 00| 0 eng d
035 _a६८८१
040 _cमराठी
245 _aसेवाजेष्ठता नियमावली
250 _a१ ली
260 _aवर्धा
_bप्रशांत दातार
_c१९८७
700 _aदातार, प्र. य. - संपा.
_911290
942 _2ddc
_cBOOK
999 _c495997
_d495994